000 00775nam a2200277 i 4500
001 32641
003 BD-RjUL
005 20211209051853.0
008 140427s1977 enk 000 0 eng
020 _a0950281816 (hbk.)
_a0950281824 (pbk.)
035 _a(BD-RjUL)32731
_a(OCoLC)03061753
040 _aDLC
_cDLC
_dBD-RjUL
_beng
041 _aeng
082 0 4 _a301.452971054
_bHAP 1977
100 1 _aHarman, S.
_999304
245 1 0 _aPlight of Muslims in India /
_cS. Harman.
250 _a2d ed.
260 _aLondon :
_bDL Publications,
_c1977.
300 _a207 p. ;
_c22 cm.
650 0 _aMuslims
_zIndia.
_999305
650 0 _aHindus.
_999306
651 0 _aIndia
_xSocial conditions.
_999307
942 _2ddc
_cBK
999 _c32641
_d32641